Marvel-Figuren (Sudden Death) - Statistiken

Allgemein
  • Dieses Quiz wurde 546 mal gespielt
  • Das Durchschnittsergebnis liegt bei 13 aus 18
Answers on the Grid
Answers color-coded by a green-red scale on the quiz's grid according to % correct below.
Aquaman
Ares
Bane
Baron Zemo
Batman
Black Panther
Black Widow
Captain America
Catwoman
Doctor Doom
Flash
Frozone
Galactus
Green Arrow
Guardians of the Galaxy
Harley Quinn
Hela
Hulk
Iron-Man
Joker
Lexx Luthor
Loki
Magneto
Red Skull
Spider-Man
Supergirl
Superman
Thanos
Thor
Venom
Wonderwoman
X-Men
Zod
 
Antwortstatistiken
Antwort % Korrekt
Hulk
84%
Captain America
83%
Iron-Man
83%
Thanos
83%
Loki
82%
Black Panther
81%
Spider-Man
81%
Thor
81%
Black Widow
80%
Guardians of the Galaxy
80%
Venom
75%
X-Men
70%
Doctor Doom
69%
Red Skull
69%
Hela
65%
Magneto
60%
Galactus
56%
Baron Zemo
42%
Keine übereinstimmenden Quizze gefunden
Verteilung der Resultate
Anzahl Personen mit jedem Resultat
Perzentil nach korrekt beantworteten Fragen
Ihre Resultats-Entwicklung
Sie haben dieses Quiz noch nicht gespielt